Govt. of
Madhya Pradesh

Radhakrishnan (Record no. 5212)

MARC details
000 -LEADER
fixed length control field 002800000a22001330004500
003 - CONTROL NUMBER IDENTIFIER
control field MACL
040 ## - CATALOGING SOURCE
Original cataloging agency MACL
090 ## - LOCALLY ASSIGNED LC-TYPE CALL NUMBER (OCLC); LOCAL CALL NUMBER (RLIN)
-- 5251
-- 5250
100 ## - MAIN ENTRY--PERSONAL NAME
Personal name Vohra, Ashok
245 ## - TITLE STATEMENT
Title Radhakrishnan
Remainder of title His Life And Ideas
260 ## - PUBLICATION, DISTRIBUTION, ETC. (IMPRINT)
Name of publisher, distributor, etc. Ajanta Publications
Date of publication, distribution, etc. 1989
350 ## - PRICE (NR) (BK AM CF MU VM SE) [OBSOLETE]
Price 250
942 ## - ADDED ENTRY ELEMENTS (KOHA)
Koha item type Library Membar

No items available.